000 02094nam0a2200385 4500
001 RU\NLR\bibl\966853
005 20260407135937.0
021 _aRU
_b2006-20839
_91043
035 _a(nilc)RSL-KNO-002871563
035 _a(NLR Aleph) 000954835
090 _a302574
_c302574
100 _a20060426d2005 |||y0rusy50 ca
101 0 _arus
102 _aRU
105 _ay |||||||||
106 _ar
200 1 _aШалобанов Сергей Викторович
_eбиблиографический указатель трудов
_fФедер. агентство по образованию, Гос. образоват. учреждение высш. проф. образования "Тихоокеан. гос. ун-т", Науч. б-ка
_g[сост. Лукашева Н.В.]
210 _aХабаровск
_cИзд-во ТОГУ
_d2005
_eХабаровск
_gООП изд-ва Тихоокеан. гос. ун-та
215 _a23 с.
_d21
225 1 _aСерия "Ученые ТОГУ"
320 _aИмен. указ. соавт.: с. 22-23
600 1 _aШалобанов
_bС.В.
_gСергей Викторович
_jБиблиография
_92435924
_3RU\NLR\auth\661449518
610 0 _aТехника и технические науки (в целом) -- Персоналии -- Российская Федерация -- Шалобанов Сергей Викторович - деятель в области техники -- Библиография
686 _aЖ.д(2)Шалобанов С.В.я1
_2rubbk
686 _aЧ488.74(2Р)7
686 _aЗ965д(2)Шалобанов
702 1 _aЛукашева
_bН. В.
_4220
712 0 2 _4570
_aТихоокеанский государственный университет
_bНаучная библиотека
_cХабаровск
_9667454
_3RU\NLR\AUTH\8810082643
801 0 _aRU
_bРКП
_c20060426
_grcr
801 1 _aRU
_bРГБ
_c20060426
801 2 _aRU
_bNLR
_c20060712
_grcr
830 _aсост. не раскрыть
942 _cBOOK
980 _aNB